Normal view
MARC view
- Olsen, Flemming Ove
Entry Personal Name
001 - CONTROL NUMBER
- control field: 86794
003 - CONTROL NUMBER IDENTIFIER
- control field: NUST
005 - DATE AND TIME OF LATEST TRANSACTION
- control field: 20211217105445.0
008 - FIXED-LENGTH DATA ELEMENTS
- fixed length control field: 211217|| aca||aabn | a|a d
040 ## - CATALOGING SOURCE
- Original cataloging agency: NUST
- Transcribing agency: NUST
100 ## - HEADING--PERSONAL NAME
- Personal name: Olsen, Flemming Ove
670 ## - SOURCE DATA FOUND
- Source citation: Work cat.: (NUST)32194: Olsen, Flemming Ove, Hybrid Laser-arc Welding /, 2009.
